| 000 | 00502nam a22001817a 4500 | ||
|---|---|---|---|
| 003 | MPLRDC | ||
| 005 | 20220104125743.0 | ||
| 008 | 210129b ||||| |||| 00| 0 eng d | ||
| 082 | _a524.9163 DZ v.1 1982 c.3 | ||
| 100 | _a马来西亚华文独立中学统一课程编委会编纂 | ||
| 245 |
_a物理. 上册 _c |
||
| 250 | _a第二版 | ||
| 260 |
_a _b马来西亚华校董事联合 _c1982 |
||
| 300 | _b平 | ||
| 490 | _a初级中学适用 | ||
| 650 | _a | ||
| 942 |
_cBK _o524.9163 DZ v.1 1982 c.3 |
||
| 999 |
_c29875 _d29865 |
||